000 00536nam a2200169Ia 4500
008 110201s9999 xx 000 0 und d
082 _bB10640
_aS 2062
100 _aगोडे अलका
245 _aधाकय्य नजरेतून
260 _bराजहंस प्रकाशन
365 _b200
600 _aगोडे अलका
630 _aधाकय्य नजरेतून
700 _aगोडे अलका
730 _aधाकय्य नजरेतून
942 _cBOOK
999 _c836037
_d836034